|
|
|
|
| LEADER |
00858nam a2200217 a 4500 |
| 001 |
00021097 |
| 008 |
101003m20092008ii a b 001 0 eng d |
| 020 |
|
|
|a 9788131717943
|
| 040 |
|
|
|a DB-DhAAL
|c DB-DhAAL
|
| 082 |
0 |
0 |
|a 512/.1
|2 22
|
| 100 |
1 |
|
|a Akerkar, Rajendra
|
| 245 |
1 |
0 |
|a Discrete mathematics /
|c Rajendra Akerkar, Rupali Akerkar
|
| 260 |
|
|
|a Delhi, India :
|b Pearson/Dorling Kindersley,
|c c2008.[Impression 2009]
|
| 300 |
|
|
|a xii, 319 p. :
|b ill. ;
|c 24 cm.
|
| 504 |
|
|
|a Includes bibliographical references and index.
|
| 541 |
1 |
|
|e 00021097
|
| 650 |
|
0 |
|a Computer science
|x Mathematics.
|
| 700 |
1 |
|
|a Akerkar, Rupali
|
| 852 |
4 |
|
|a Ayesha Abed Library
|j General Shelf.
|
| 999 |
|
|
|c 9615
|d 9615
|
| 952 |
|
|
|0 0
|1 0
|2 ddc
|4 0
|6 512_100000000000000_AKE_2009
|7 0
|9 12233
|a BRACUL
|b BRACUL
|c GEN
|d 2010-10-03
|l 6
|m 29
|o 512.1 AKE
|p 3010021097
|r 2024-02-27
|s 2024-01-15
|t 1
|w 2010-10-03
|y BK
|